000 00688nam a22001937i 4500
999 _c23319
_d23319
003 AR-CdUCM
008 250716b20242024 pe||||| |||| 00| 0 spa d
020 _a978-612-00-9455-6
040 _aMUNICIPALIDAD PROVINCIAL DEL CUSCO
_cBIBLIOTECA MUNICIPAL DEL CUSCO
041 _hspa
082 _a869.56 / V3227
_bV3227
100 _aVargas Chipana, César
_951237
245 _aLa vida es un poema /
260 _aCusco :
_bAutor-Editor impreso en Puno
_c2024
300 _a195 páginas. :
_c20x15 cm.
505 _aPoesía a las plantas -- A mi escuela -- Poesía a mis animales -- Poesía a las viviendas -- poesía a la naturaleza
942 _2ddc
_cLIBROS
945 _apbjr
_d16-07-2025